000 00275nam a22001097a 4500
008 160624b xxu||||| |||| 00| 0 eng d
100 _9889
_a Blauberg, I.V., et al
245 _aSystems Theory
260 _aMoscow
_b Process
_c1977
300 _aSystems Theory
942 _2ddc
_cBK
999 _c704
_d704